000 00317nam a2200133Ia 4500
005 20260328101520.0
008 260328s9999||||xx |||||||||||||| ||und||
100 _aNiemeyer, Oscar
245 0 _aMon experience a Brasilia /
_cOscar Niemeyer
260 _b----
300 _a83 p.
650 _aARQUITECTOS
942 _cBK
999 _c9557
_d9557